[Event "Moscow PCA qual"]
[Site "Moscow"]
[Date "1996.??.??"]
[Round "9"]
[White "Svidler, Peter"]
[Black "Sakaev, Konstantin"]
[Result "1/2-1/2"]
[WhiteElo "2630"]
[BlackElo "2560"]

1.e4 c5 2.Nf3 e6 3.d4 cxd4 4.Nxd4 a6 5.Nc3 Qc7 6.Be2 b5 7.O-O Bb7 8.Re1 Bc5
9.Bf3 Ne7 10.Nb3 Ba7 11.Bg5 f6 12.Bh5+ Ng6 13.Bh4 Nc6 14.Bg3 e5 15.a4 bxa4
16.Rxa4 O-O 17.Nd5 Qd8 18.Be2 Kh8 19.c3 Nce7 20.Nxe7 Nxe7 21.Na5 Bc8 22.Qd6 Rb8
23.Nc4 Bb7 24.Rd1 Nc8 25.Qd2 Bb6 26.Bg4 Rf7 27.Be6 Re7 28.Bd5 Qc7 29.Bxb7 Qxb7
30.Qd5 Qxd5 31.Rxd5 Ra8 32.Kf1 Kg8 33.f3 Kf7 34.b4 Ra7 35.Ke2 Re6 36.Nb2 Rc6
37.Ra3 Nd6 38.Kd3 Ke8 39.c4 Bd4 40.Rxd4 exd4 41.b5 Nxb5 42.cxb5 Rc3+ 43.Rxc3 dxc3
44.Nc4 axb5 45.Nd6+ Kd8 46.Nxb5 Ra2 47.Nxc3 Rxg2 48.Ne2 g5 49.Kd2 h5 50.Ke1 h4
51.Kf1 Rxe2 52.Kxe2 hxg3 53.hxg3 Ke7 54.Kd3 Ke6 55.Kd4 Kd6 56.f4 gxf4 57.gxf4 Kc6
58.e5 f5 59.Kc4 d6 60.Kd4 Kd7  1/2-1/2

[Event "Munich op"]
[Site "Munich"]
[Date "1996.??.??"]
[Round "?"]
[White "Gross, David"]
[Black "Bischoff, Klaus"]
[Result "0-1"]
[WhiteElo "2365"]
[BlackElo "2520"]

1.e4 c5 2.Nf3 e6 3.d4 cxd4 4.Nxd4 a6 5.Nc3 Qc7 6.f4 b5 7.Bd3 Bb7 8.Qe2 d6
9.Bd2 Nf6 10.a3 Be7 11.O-O-O Nc6 12.Nxc6 Bxc6 13.Rhe1 O-O 14.g4 Rfc8 15.h4 Nd7
16.g5 Bf8 17.h5 Nc5 18.Rg1 Rab8 19.g6 fxg6 20.Rxg6 b4 21.axb4 Rxb4 22.Rdg1 Qb7
23.Nd1 Ra4 24.Bc3 hxg6 25.hxg6 Ra1+ 26.Kd2 Nxe4+ 27.Ke3 Nxc3 28.Qh2 Nd5+
29.Ke2 Nf6 30.Rg3 Rxd1 31.Kxd1 Bf3+ 32.Kc1 Qb4  0-1

[Event "JUG-chT"]
[Site "Niksic"]
[Date "1996.??.??"]
[Round "?"]
[White "Sibarevic, Milenko"]
[Black "Martinovic, Slobodan"]
[Result "1/2-1/2"]
[WhiteElo "2350"]
[BlackElo "2500"]

1.e4 c5 2.Nf3 e6 3.d4 cxd4 4.Nxd4 a6 5.Nc3 Qc7 6.Bd3 Nf6 7.O-O d6 8.f4 Be7
9.Kh1 O-O 10.Qe1 Nc6 11.Nxc6 bxc6 12.e5 Nd5 13.exd6 Bxd6 14.Ne4 Be7 15.Bd2 a5
16.a3 Rd8 17.Rd1 a4 18.c4 Nf6 19.Bc3 Nxe4 20.Qxe4 g6 21.Bc2 Bb7 22.Rxd8+ Rxd8
23.Bxa4 c5 24.Qe5 Qxe5 25.fxe5 Rb8 26.Rd1 Ba6 27.Bb5 Bxb5 28.cxb5 Rxb5 29.Rd7 Kf8
30.a4 Rb8 31.a5 Ke8 32.Ra7 Rd8 33.Kg1 Rd7 34.Ra6 Kd8 35.Kf1 Kc7 36.Ra7+ Kc6
37.Rxd7 Kxd7 38.a6 Kc6 39.Ba5 c4 40.a7 Kb7 41.Bb6 Bb4 42.Bd4 h5 43.Ke2 Ka8
44.h3 Kb7 45.Kf3 Bd2 46.Ke2 Ba5 47.Kd1 Bb4 48.Kc2 Be1 49.b3 cxb3+ 50.Kxb3 Bh4
51.Kc4 Bg3 52.Kb5 Bf4 53.Kc4 Bg3 54.Kd3 Bf4 55.Ke4 Bc1  1/2-1/2

[Event "JUG-ch op"]
[Site "Nis"]
[Date "1996.??.??"]
[Round "2"]
[White "Knezevic, Bojan"]
[Black "Romanishin, Oleg M"]
[Result "1/2-1/2"]
[WhiteElo "2380"]
[BlackElo "2590"]

1.e4 c5 2.Nf3 e6 3.Nc3 a6 4.d4 cxd4 5.Nxd4 Nc6 6.f4 Nxd4 7.Qxd4 b5 8.Bd3 Bb7
9.O-O Rc8 10.Kh1 Nf6 11.b4 Qc7 12.Bd2 Be7 13.a4 bxa4 14.Nxa4 O-O 15.Nc5 Bxc5
16.bxc5 Qc6 17.Rfc1 Rfe8 18.Rab1 Ba8 19.Rb6 Qxc5 20.Qxc5 Rxc5 21.Rxa6 Rb8
22.Bb4 Rc6 23.Rxc6 Bxc6 24.Bc3 Ne8 25.Kg1 f6 26.Kf2 Kf7 27.g4 Rc8 28.Bb4 Rb8
29.Bc5 Rc8 30.Bb4 Rb8 31.Bc5 Rc8  1/2-1/2

[Event "JUG-ch op"]
[Site "Nis"]
[Date "1996.??.??"]
[Round "4"]
[White "Dimitrov, Vladimir"]
[Black "Tosic, Miroslav"]
[Result "1-0"]
[WhiteElo "2495"]
[BlackElo "2415"]

1.e4 c5 2.Nf3 e6 3.d4 cxd4 4.Nxd4 a6 5.Nc3 Qc7 6.Be2 Nf6 7.O-O Nc6 8.Be3 Be7
9.f4 d6 10.Kh1 O-O 11.a4 Bd7 12.Nb3 b6 13.Bf3 Rab8 14.g4 Bc8 15.g5 Nd7 16.Bg2 Re8
17.Qh5 g6 18.Qh3 Nb4 19.Rf2 Bf8 20.Raf1 Nc5 21.Qh4 Bg7 22.Bd4 e5 23.fxe5 dxe5
24.Rxf7 Re7 25.Rxe7 Qxe7 26.Be3 Nxb3 27.cxb3 Be6 28.Nd5 Nxd5 29.exd5 Bf7
30.Qc4 e4 31.Qxe4 Qxe4 32.Bxe4 Bxb2 33.d6 Rd8 34.Rd1 Bg7 35.d7 Bxb3 36.Bxb6 Bxd1
37.Bxd8 Bxa4 38.Bd5+ Kf8 39.Be6 Bd4 40.Kg2 Bc6+ 41.Kh3 Be3 42.Kg3 h6 43.h4 Bxd7
44.Bxd7 Kg7 45.Kg4 Bd4 46.Bc8 Be5 47.Bxa6 Bc3 48.Bb6 Be5 49.Kf3 Bc3 50.Bd3 hxg5
51.hxg5 Bd2 52.Bd4+ Kf7 53.Bc4+ Kf8 54.Bf6 Bc1 55.Ke4 Bd2 56.Ke5  1-0

[Event "Nova Gorica"]
[Site "Nova Gorica"]
[Date "1996.??.??"]
[Round "7"]
[White "Grosar, Kiti"]
[Black "Rusjan, Miran"]
[Result "0-1"]
[WhiteElo "2225"]
[BlackElo "2225"]

1.e4 c5 2.Nf3 e6 3.d4 cxd4 4.Nxd4 a6 5.Nc3 Qc7 6.g3 Nc6 7.Bg2 Nf6 8.O-O Bc5
9.Nb3 Ba7 10.Bg5 h5 11.Bxf6 gxf6 12.Qf3 Ke7 13.Rad1 d6 14.h3 Bd7 15.Kh1 Rag8
16.Qe2 Ne5 17.Nd4 Kf8 18.Nf3 Nc4 19.Qd3 Nxb2 20.Qxd6+ Qxd6 21.Rxd6 Ke7 22.e5 Nc4
23.Rd3 fxe5 24.Nd2 Nxd2 25.Rxd2 Bc6 26.Rb1 Rb8 27.Rbd1 Bxg2+ 28.Kxg2 Rhd8
29.Ne4 Rxd2 30.Rxd2 f5 31.Nc3 Rc8 32.Ne2 Bb6 33.c3 Ba5 34.Rb2 b5 35.Rb3 Rc4
36.Ra3 Ra4 37.Rxa4 bxa4 38.Kf3 Kd6 39.g4 fxg4+ 40.hxg4 hxg4+ 41.Kxg4 Kd5
42.Kg5 Ke4 43.Kf6 Kd3 44.Ng3 Bxc3 45.Kxe6 Kc2 46.Ne2 a3 47.Kd5 Be1 48.Kxe5 Kb2
49.Kd4 Kxa2 50.Nc1+ Kb1 51.Nb3 Bxf2+ 52.Kc3 Be1+  0-1

[Event "Oberwart op"]
[Site "Oberwart"]
[Date "1996.??.??"]
[Round "5"]
[White "Balinov, Ilija"]
[Black "Landa, Konstantin"]
[Result "1/2-1/2"]
[WhiteElo "2385"]
[BlackElo "2570"]

1.e4 c5 2.Nf3 e6 3.d4 cxd4 4.Nxd4 a6 5.Nc3 Qc7 6.Be2 Nf6 7.O-O Bb4 8.Bg5 Nc6
9.Nxc6 bxc6 10.Qd4 Bd6 11.Kh1 Rb8 12.Rad1 Be5 13.Qd3 h6 14.Bc1 Bf4 15.Bxf4 Qxf4
16.Qd4 d5 17.Qc5 Bb7 18.Bf3 Nd7 19.Qa3 Ne5 20.Be2 Nd7 21.Bf3 Ne5 22.Be2 Nd7
23.Bf3 Ne5 24.Be2 Nd7 25.Bf3  1/2-1/2

[Event "Oberwart op"]
[Site "Oberwart"]
[Date "1996.??.??"]
[Round "6"]
[White "Waldmann, Ivan"]
[Black "Horvath, Csaba"]
[Result "0-1"]
[WhiteElo "2275"]
[BlackElo "2530"]

1.e4 c5 2.Nf3 e6 3.d4 cxd4 4.Nxd4 a6 5.Nc3 Qc7 6.Be2 b5 7.a3 Bb7 8.O-O Nf6
9.Qd3 d6 10.f4 Nbd7 11.Nb3 Be7 12.Bd2 O-O 13.Rae1 Nc5 14.Nxc5 dxc5 15.Bf3 Rfd8
16.Qe2 b4 17.Nb1 a5 18.e5 Nd5 19.c4 bxc3 20.Nxc3 Ba6 21.Nb5 Qb6 22.a4 c4+
23.Kh1 Bxb5 24.axb5 Qxb5 25.Rb1 a4 26.Rfc1 Rac8 27.Qe4 Bb4 28.Bc3 Bxc3 29.bxc3 Qd7
30.h3 g6 31.Ra1 Qb5 32.Kh2 Qb2 33.Qc2 Qxc2 34.Rxc2 Nxf4 35.Rxa4 Rc5 36.Be2 Nd3
37.Rd2 Rdd5 38.Bxd3 cxd3 39.Ra7 Rxe5 40.Rxd3 Rf5 41.Ra2 Kg7 42.g4 Rf4 43.Re2 h5
44.gxh5 Rxh5 45.Rc2 Rc5 46.Re2 Rfc4 47.Ree3 g5 48.Rf3 Kg6 49.Kg2 Rc6 50.Rg3 f6
51.Rge3 e5 52.Kf3 Kf5 53.Kg2 e4  0-1

[Event "Oberwart op"]
[Site "Oberwart"]
[Date "1996.??.??"]
[Round "7"]
[White "Balinov, Ilija"]
[Black "Waldmann, Ivan"]
[Result "1-0"]
[WhiteElo "2385"]
[BlackElo "2275"]

1.e4 c5 2.Nf3 e6 3.d4 cxd4 4.Nxd4 a6 5.Nc3 d6 6.Be2 Nf6 7.f4 Qc7 8.O-O Be7
9.Kh1 O-O 10.a4 b6 11.e5 dxe5 12.fxe5 Nfd7 13.Bf4 Bb7 14.Bd3 Nc5 15.Qg4 Re8
16.Rae1 Nxd3 17.cxd3 Bf8 18.Re3 g6 19.Nf3 Bg7 20.Ng5 Nd7 21.d4 Rad8 22.Bg3 Qc4
23.Ree1 Rf8 24.Qh4 h5 25.Nce4 Bxe4 26.Nxe4 Qxd4 27.Rd1 Qxb2 28.Qe7 Qe2 29.Rfe1 Qg4
30.h3 Qf5 31.Nd6 Qc2 32.Nb7 Rfe8 33.Qg5 Rb8 34.Rxd7 Qxa4 35.Rc7 Rbc8 36.Rec1 Rxc7
37.Rxc7 h4 38.Bf4 b5 39.Nd6 Rf8 40.Kh2 Qd4 41.Nc8 Qf2 42.Ne7+ Kh7 43.Nxg6  1-0

[Event "RUS-Cup3"]
[Site "Omsk"]
[Date "1996.??.??"]
[Round "7"]
[White "Yandemirov, Valeri"]
[Black "Landa, Konstantin"]
[Result "0-1"]
[WhiteElo "2465"]
[BlackElo "2570"]

1.e4 c5 2.Nf3 e6 3.Nc3 a6 4.d4 cxd4 5.Nxd4 Qc7 6.Be2 Nf6 7.O-O Bb4 8.Qd3 Nc6
9.Nxc6 bxc6 10.f4 d5 11.Be3 O-O 12.exd5 cxd5 13.Bd4 Bc5 14.Qe3 Bxd4 15.Qxd4 Bd7
16.Bd3 Rfc8 17.a4 a5 18.Ra3 Qc5 19.Nb5 Qxd4+ 20.Nxd4 Ne8 21.Bb5 Ra7 22.Rff3 Nd6
23.Rac3 Rxc3 24.Rxc3 Ne4 25.Rb3 Nc5 26.Rc3 Ne4 27.Re3 h5 28.c4 Kf8 29.f5 Ke7
30.fxe6 fxe6 31.cxd5 exd5 32.Bc6 Rc7  0-1

[Event "RUS-Cup3"]
[Site "Omsk"]
[Date "1996.??.??"]
[Round "8"]
[White "Eismont, Oleg"]
[Black "Korneev, Oleg"]
[Result "0-1"]
[WhiteElo "2455"]
[BlackElo "2565"]

1.e4 c5 2.Nf3 e6 3.Nc3 a6 4.d4 cxd4 5.Nxd4 Qc7 6.Be2 b5 7.O-O Bb7 8.Bf3 Nc6
9.Nxc6 dxc6 10.Re1 Bd6 11.g3 Be5 12.Be3 Nf6 13.Qe2 O-O 14.Bg2 c5 15.Bd2 Rad8
16.Rad1 Rd7 17.Bc1 Rfd8 18.Rxd7 Rxd7 19.Nd1 c4 20.c3 h6 21.a3 Qd8 22.Ne3 Bc7
23.Ng4 Nxg4 24.Qxg4 Kf8 25.Be3 Bb6 26.Bf4 Bc5 27.h4 Qb6 28.Qe2 Rd3 29.h5 f6
30.b4 Be7 31.Qc2 Qd8 32.Bf1 Rd7 33.Bh3 Qb6 34.Be3 Qd6 35.Bd4 Rd8 36.Bg2 Qc6
37.Be3 f5 38.Bd4 Bf6 39.Bxf6 gxf6 40.f4 Rd3 41.exf5 Rxg3 42.Re2 Qf3 43.fxe6 Qd3
44.Qb2 Ke7 45.f5 Rg5  0-1

[Event "RUS-chT"]
[Site "Orel"]
[Date "1996.??.??"]
[Round "?"]
[White "Olenin, Nikolay"]
[Black "Zakharov, Alexander S"]
[Result "1/2-1/2"]
[WhiteElo "2380"]
[BlackElo "2300"]

1.e4 c5 2.Nf3 e6 3.d4 cxd4 4.Nxd4 a6 5.Nc3 Qc7 6.Bd3 Nf6 7.Be3 b5 8.O-O Bb7
9.a3 Nc6 10.Qe2 Ne5 11.f4 Neg4 12.e5 Nxe3 13.Qxe3 Ng4 14.Qg3 Bc5 15.Ne2 f5
16.h3 Nh6 17.Kh1 O-O 18.Nf3 Kh8 19.c3 Nf7 20.Ned4 Rg8 21.Ng5 Nxg5 22.Qxg5 Qd8
23.Qxd8 Raxd8 24.Be2 Bxd4 25.cxd4 d6 26.Rad1 g5 27.exd6 gxf4 28.Bf3 Bxf3
29.Rxf3 Rxd6 30.Rxf4 h5 31.Rd3 Kh7 32.Kg1 Kh6 33.Kf2 Rc8 34.Ke3 Rc2 35.Rd2 Rxd2
36.Kxd2 Kg5 37.Ke3 h4 38.Rf2 Rc6 39.Rd2 Rc1 40.Kf3 Rf1+  1/2-1/2

[Event "RUS-chT"]
[Site "Orel"]
[Date "1996.??.??"]
[Round "?"]
[White "Akhmadeev, Vadim"]
[Black "Stripunsky, Alexander"]
[Result "1-0"]
[WhiteElo "2425"]
[BlackElo "2495"]

1.e4 c5 2.Nf3 e6 3.Nc3 a6 4.d4 cxd4 5.Nxd4 Qc7 6.g3 Nf6 7.Bg2 Nc6 8.O-O h6
9.Re1 Nxd4 10.Qxd4 Bc5 11.Qd1 d6 12.Be3 e5 13.Bxc5 Qxc5 14.Qd2 Be6 15.Rad1 Rd8
16.Re3 b5 17.a3 O-O 18.Rd3 b4 19.Nd5 Nxd5 20.exd5 Bf5 21.axb4 Qc4 22.b3 Qg4
23.Re3 Bc8 24.c4 f5 25.Ree1 f4 26.c5 f3 27.Bf1 e4 28.Qe3 Bf5 29.Bxa6 Qh5
30.c6 Ra8 31.Bc4 Ra2 32.Rd2 Ra5 33.b5 Bc8 34.Rd4 Bf5 35.b6  1-0

[Event "ESP-chTB"]
[Site "Oropesa del Mar"]
[Date "1996.??.??"]
[Round "9"]
[White "Garbisu, Unai"]
[Black "Cacho Reigadas, Sergio"]
[Result "1/2-1/2"]
[WhiteElo "2350"]
[BlackElo "2405"]

1.e4 c5 2.Nf3 e6 3.d4 cxd4 4.Nxd4 a6 5.Nc3 Qc7 6.Bd3 Nf6 7.f4 d6 8.Nf3 Nc6
9.O-O Be7 10.a3 O-O 11.Qe1 Nd7 12.b4 Bf6 13.Bb2 g6 14.Kh1 b6 15.Qg3 Bg7 16.Rae1 Bb7
17.Nd1 Nf6 18.Qh4 Qd8 19.f5 Nh5 20.Qg4 Bc8 21.fxg6 hxg6 22.e5 dxe5 23.Nxe5 Nxe5
24.Bxe5 Ra7 25.Nb2 Rd7 26.Bxg7 Kxg7 27.Rxf7+ Rdxf7 28.Qxg6+ Kh8 29.Qxh5+ Kg8
30.Nc4 Rg7 31.Ne5 Qd5 32.Qe2 Bb7 33.Ng6 Rf6 34.Nh4 b5 35.c4 Qg5 36.Nf3 Qh5
37.cxb5 Rxf3 38.Qxe6+ Rff7 39.Qe8+ Rf8 40.Bc4+ Rf7 41.Bxf7+ Qxf7 42.Qxf7+ Rxf7
43.bxa6 Bxa6 44.h3 Bb7 45.Re8+ Kg7 46.Kh2 Bc6 47.Rc8 Bd5 48.Rc5 Ba8 49.Rg5+ Kh6
50.Ra5 Be4 51.Re5 Bb7 52.Re2 Rf1 53.a4 Rb1 54.b5 Rb4 55.Re6+ Kg5 56.Re7 Ba8
57.Re8 Bb7 58.Re7 Ba8 59.Re8  1/2-1/2

[Event "Komercni Banka op"]
[Site "Pardubice"]
[Date "1996.??.??"]
[Round "3"]
[White "Antoniewski, Rafal"]
[Black "Rogovski, Vladimir"]
[Result "1-0"]
[WhiteElo "2350"]
[BlackElo "2450"]

1.e4 c5 2.Nf3 e6 3.d4 cxd4 4.Nxd4 a6 5.Nc3 Qc7 6.Be2 b5 7.f4 Bb7 8.Bf3 Ne7
9.a4 bxa4 10.Rxa4 Ng6 11.g3 Be7 12.O-O O-O 13.Bg2 Nc6 14.Nf3 Na5 15.h4 Rfd8
16.Kh2 Bf8 17.Ng5 Nc4 18.Qh5 h6 19.Nxf7 Kxf7 20.f5 Ne5 21.fxg6+ Kg8 22.Bf4 d6
23.Bh3 Bc8 24.Rd4 Re8 25.Bxh6 gxh6 26.g7 Bxg7 27.Qxe8+ Kh7 28.Bxe6 Bxe6 29.Qxe6 Qb6
30.Rxd6 Qxb2 31.Qb3 Rb8 32.Qxb2 Rxb2 33.Nd5 Rxc2+ 34.Kh3 a5 35.Nf6+ Bxf6
36.Rfxf6 a4 37.Rxh6+ Kg7 38.Ra6 a3 39.Rhe6 Nd3 40.Rxa3 Nf2+ 41.Kg2 Kf7 42.Rb6 Nxe4+
43.Kf3 Nd2+ 44.Kg4 Rc4+ 45.Kh3 Rc7 46.Rba6 Rc1 47.Rd3 Ne4 48.Rd7+ Ke8 49.Rb7  1-0

[Event "Komercni Banka op"]
[Site "Pardubice"]
[Date "1996.??.??"]
[Round "5"]
[White "Cherevatenko, Roman"]
[Black "Svobodova, Michaela"]
[Result "1/2-1/2"]
[WhiteElo "2415"]
[BlackElo "2175"]

1.e4 c5 2.Nf3 e6 3.d4 cxd4 4.Nxd4 a6 5.Nc3 b5 6.Bd3 d6 7.O-O Nf6 8.Be3 Bb7
9.a3 Be7 10.f4 Nbd7 11.Kh1 O-O 12.Qe2 Rc8 13.Rae1 Qc7 14.Bd2 Nc5 15.b4 Nxd3
16.cxd3 Rfd8 17.Rc1 Qb8 18.Be3 Nd7 19.Qd2 Bf6 20.Nce2 Rxc1 21.Rxc1 Rc8 22.Kg1 Rc7
23.Kf2 Kf8 24.Rxc7 Qxc7 25.Qc3 Qxc3 26.Nxc3 g6 27.Ke2 Ke7 28.Kd2 e5 29.Nf3 exf4
30.Bxf4 Be5 31.Bg5+ f6 32.Be3 f5 33.Nxe5 Nxe5 34.Bf4 Ke6 35.Ke3 fxe4 36.Nxe4 Bxe4
37.Kxe4 Nd7 38.Bg5 Nb6 39.Bd2 Nd5 40.h3 Nf6+ 41.Kf4 h6 42.g4 h5 43.gxh5 Nxh5+
44.Kg5 Kf7 45.Bf4 d5 46.Be5 Ke6 47.Bc7 Kf7 48.Be5 Ke6 49.d4 Kf7 50.h4 Ng7
51.Bxg7 Kxg7 52.Kg4 Kf7 53.Kf4 Kf6 54.Kg4 Kf7 55.Kg5 Kg7 56.h5 gxh5 57.Kxh5 Kf6
58.Kg4 Kg6 59.Kf4 Kf6  1/2-1/2

[Event "Komercni Banka op"]
[Site "Pardubice"]
[Date "1996.??.??"]
[Round "6"]
[White "Onoprienko, Vladimir"]
[Black "Thesing, Matthias"]
[Result "1-0"]
[WhiteElo "2295"]
[BlackElo "2440"]

1.e4 e6 2.Nf3 c5 3.Nc3 a6 4.d4 cxd4 5.Nxd4 d6 6.Be2 b5 7.Bf3 Qc7 8.O-O Bb7
9.Re1 Nd7 10.a4 b4 11.Na2 e5 12.Nf5 a5 13.c3 g6 14.Ne3 bxc3 15.Nxc3 Ngf6
16.Nb5 Qc6 17.Bd2 Ba6 18.Rc1 Nc5 19.Nd5 Nxd5 20.exd5 Qb6 21.b4 axb4 22.Bxb4 Rc8
23.Bxc5 Rxc5 24.Rxc5 Qxc5 25.Qa1 Bh6 26.Nc3 f5 27.Be2 Bd2 28.Bxa6 Bxc3 29.Qb1 Bxe1
30.Qb8+ Ke7 31.Qxh8 Qxf2+ 32.Kh1 Qb2 33.Qg7+ Kd8 34.Qf8+ Kd7 35.Qc8+ Ke7  1-0

[Event "Paris op"]
[Site "Paris"]
[Date "1996.??.??"]
[Round "7"]
[White "Varavin, Viktor"]
[Black "Pugachov, Alexey"]
[Result "1/2-1/2"]
[WhiteElo "2515"]
[BlackElo "2445"]

1.e4 c5 2.Nf3 e6 3.d4 cxd4 4.Nxd4 a6 5.Nc3 Qc7 6.Be2 Nf6 7.O-O Nc6 8.Be3 Bb4
9.Na4 Be7 10.c4 Nxe4 11.Bf3 Nf6 12.c5 O-O 13.Rc1 Rd8 14.Qb3 Qe5 15.Qc3 Kh8
16.Nb6 Rb8 17.g3 Qc7 18.Rfd1 d6 19.cxd6 Bxd6 20.Bxc6 e5 21.Qb3 exd4 22.Nd7 Bc5
23.Rxc5  1/2-1/2

[Event "ARG-ch"]
[Site "Pena City"]
[Date "1996.??.??"]
[Round "2"]
[White "Fiorito, Fabian"]
[Black "Panno, Oscar"]
[Result "1/2-1/2"]
[WhiteElo "2470"]
[BlackElo "2485"]

1.e4 c5 2.Nf3 e6 3.d4 cxd4 4.Nxd4 a6 5.Nc3 Qc7 6.Bd3 Nc6 7.Be3 Nf6 8.O-O Ne5
9.h3 Bc5 10.f4 d6 11.Kh1 Nc6 12.e5 Nxe5 13.fxe5 dxe5 14.Bb5+ axb5 15.Ndxb5 Qb6
16.Bxc5 Qxc5 17.Nd6+ Ke7 18.Rxf6 gxf6 19.Nce4 Qb6 20.Qh5 Rf8 21.Rd1 Ra4 22.c4 Qe3
23.Nxc8+ Rxc8 24.Rd7+ Kxd7 25.Qxf7+ Kd8 26.Qf8+ Kd7 27.Qf7+ Kd8 28.Qf8+ Kd7
29.Qf7+  1/2-1/2

[Event "PER-ch 44th"]
[Site "Peru"]
[Date "1996.??.??"]
[Round "3"]
[White "Pacheco Asmat, Jorge"]
[Black "Urday, Henry"]
[Result "1/2-1/2"]
[WhiteElo "2365"]
[BlackElo "2470"]

1.e4 c5 2.Nf3 e6 3.d4 cxd4 4.Nxd4 a6 5.Nc3 Qc7 6.Be2 b5 7.O-O Bb7 8.Bd3 Nf6
9.Qe2 Nc6 10.Nxc6 Qxc6 11.a3 Bc5 12.Be3 Bxe3 13.Qxe3 O-O 14.Rad1 d6 15.Rd2 Rfd8
16.Rfd1 Rd7 17.Be2 Rad8 18.Bf3 Qc7 19.e5 dxe5 20.Rxd7 Rxd7 21.Rxd7 Qxd7 22.Bxb7 Qxb7
23.Qxe5 Qb6 24.h3 h6 25.Ne4 Nxe4 26.Qxe4 Qd6 27.c4 Qd1+ 28.Kh2 Qd6+ 29.Kg1 Qd1+
30.Kh2 Qd6+ 31.Kg1  1/2-1/2

[Event "PER-ch 44th"]
[Site "Peru"]
[Date "1996.??.??"]
[Round "7"]
[White "Fuentes, Moises"]
[Black "Urday, Henry"]
[Result "1/2-1/2"]
[WhiteElo "2385"]
[BlackElo "2470"]

1.e4 c5 2.Nf3 e6 3.d4 cxd4 4.Nxd4 a6 5.Nc3 Qc7 6.Bd3 Nf6 7.O-O d6 8.Kh1 Nbd7
9.f4 Be7 10.Qf3 b5 11.a3 Bb7 12.Bd2 O-O 13.Rae1 Nc5 14.b4 Nxd3 15.cxd3 Rac8
16.Qh3 Rfd8 17.Rc1 Qd7 18.Be3 Rc7 19.Nb3 Rdc8 20.Bd4 Qe8 21.Qg3 g6 22.e5 Nh5
23.Qe3 Qd7 24.exd6 Bxd6 25.Bc5 Nf6 26.Ne4 Nd5 27.Qd4 Be7 28.Rce1 Rd8 29.Bxe7 Qxe7
30.Qe5 f6 31.Qb2 Bc8 32.Nec5 Qd6 33.Ne4 Qe7 34.Nec5 Qd6 35.Qd4 Rf8 36.Ne4 Qd8
37.Nec5 Re7 38.Qb2 Qc7 39.Qd4 Qd8 40.Qb2 Qc7 41.Qd4 Rd8 42.Ne4 Kg7 43.Rc1 Qa7
44.Rc5 Bb7 45.Rfc1 e5 46.fxe5 fxe5 47.Qb2 Qb8 48.Na5 Ba8 49.Nc6 Bxc6 50.Rxc6 Nf4
51.Qf2 Rxd3 52.Qh4 Qf8 53.Nf6 h6 54.h3 Ne2 55.Re1 Nf4 56.Ng4 h5 57.Rxe5 Rd1+
58.Kh2 Rf7 59.Ne3 Rd2 60.Rg5 Qe7 61.Qg3 Qe4 62.Nf5+ Kh8 63.Qc3+ Kh7 64.Qxd2 Qxc6
65.Qxf4 Rxf5 66.Rxf5 gxf5 67.Qxf5+ Kh6 68.Qf4+ Kg6 69.Qg3+ Kh6 70.Qe3+ Kg6
71.h4 Qf6 72.Qd3+ Kh6 73.Qe4 Qd6+ 74.Kh3 Qd1 75.Qe3+ Kh7 76.Qa7+ Kh8 77.Qa8+ Kh7
78.Qb7+ Kh8  1/2-1/2

[Event "Plzen opJ-A"]
[Site "Plzen"]
[Date "1996.??.??"]
[Round "4"]
[White "Jurasek, Miroslav"]
[Black "Soln, Primoz"]
[Result "1/2-1/2"]
[WhiteElo "2270"]
[BlackElo "2330"]

1.e4 c5 2.Nf3 e6 3.d4 cxd4 4.Nxd4 a6 5.Nc3 Qc7 6.Be2 b5 7.O-O Bb7 8.Bf3 Nc6
9.Nxc6 dxc6 10.e5 Qxe5 11.Re1 Qc7 12.Ne4 Rd8 13.Qe2 Be7 14.b3 Nf6 15.Bb2 O-O
16.Nxf6+ Bxf6 17.Bxf6 gxf6 18.Qe3 Kg7 19.Be4 h6 20.Qc1 c5 21.Bxb7 Qxb7 22.c4 Rd4
23.cxb5 Rg4 24.g3 Qxb5 25.Qc3 Rd4 26.Rac1 Rd5 27.Qf3 Rfd8 28.h4 h5 29.Rc4 Rf5
30.Qg2 Rd2 31.Rf1 Rd4 32.g4 Rxg4 33.Rxg4+ hxg4 34.Qxg4+ Kh7 35.Rd1 Qb4 36.Qg3 Rf4
37.f3 Rd4 38.Rxd4 Qxd4+ 39.Kg2 Qb2+ 40.Kh3 Qc1 41.Qf2 f5 42.Kg2 a5 43.Qe2 Qc3
44.Qf2 e5 45.Qe2 Qd4 46.Kh3 f4 47.Qc2+ Kg7 48.h5 Qd7+ 49.Kh4 Qf5  1/2-1/2

[Event "Plzen opJ-A"]
[Site "Plzen"]
[Date "1996.??.??"]
[Round "5"]
[White "Blecha, Milan"]
[Black "Kupka, Frantisek"]
[Result "0-1"]
[WhiteElo "1915"]
[BlackElo "2000"]

1.e4 c5 2.Nf3 e6 3.d4 cxd4 4.Nxd4 a6 5.Nc3 Qc7 6.g3 b5 7.Bg2 Bb7 8.O-O Nf6
9.Re1 d6 10.Bg5 Nbd7 11.Qe2 O-O-O 12.Ndxb5 axb5 13.Nxb5 Ba6 14.c4 Bxb5 15.cxb5 Kb8
16.a4 d5 17.exd5 exd5 18.a5 Bd6 19.Rec1 Rhe8 20.Be3 Rxe3 21.Qxe3 Qb7 22.Bf1 Re8
23.Qc3 Bc5 24.Bd3 Rc8 25.Qd2 Ne5 26.Qf4 Nd7 27.Bf5 g5 28.Qa4 d4 29.a6 Nf3+
30.Kh1 Qd5 31.Qa2 Qxf5 32.a7+ Ka8 33.Rxc5 Qxc5 34.Qxf7 Nfe5 35.Qxh7 Qxb5
36.Qe4+ Qc6 37.Qxc6+ Rxc6 38.b4 Rb6 39.f4 gxf4 40.gxf4 Nf7 41.Ra4 d3 42.b5 Rd6  0-1

[Event "Plzen opJ-A"]
[Site "Plzen"]
[Date "1996.??.??"]
[Round "8"]
[White "Hitzgerova, Gabriela"]
[Black "Blecha, Milan"]
[Result "1-0"]
[WhiteElo "2125"]
[BlackElo "1915"]

1.e4 c5 2.Nf3 e6 3.d4 cxd4 4.Nxd4 a6 5.Nc3 Nc6 6.Be2 Nge7 7.O-O Nxd4 8.Qxd4 Nc6
9.Qd1 b5 10.Be3 Be7 11.f4 d6 12.a3 O-O 13.Bd3 Bf6 14.Qf3 Bb7 15.Rad1 Qa5
16.e5 dxe5 17.fxe5 Bxe5 18.Bc5 Bxc3 19.bxc3 Qc7 20.Qh3 g6 21.Bxf8 Rxf8 22.Be4 f5
23.Bf3 Qa5 24.Rd7 Qb6+ 25.Kh1 Rf7 26.Rxf7 Kxf7 27.Qxh7+ Kf6 28.Qh8+ Kf7 29.Rd1 Ne7
30.Rd7 Bxf3 31.Qh7+ Kf6 32.Qxe7+ Ke5 33.gxf3 Qc6 34.Rd3  1-0

[Event "JUG-ch Podgorica"]
[Site "Podgorica"]
[Date "1996.??.??"]
[Round "6"]
[White "Ivanovic, Bozidar"]
[Black "Pikula, Dejan"]
[Result "1/2-1/2"]
[WhiteElo "2500"]
[BlackElo "2455"]

1.e4 c5 2.Nf3 e6 3.d4 cxd4 4.Nxd4 a6 5.Nc3 Qc7 6.Bd3 Nc6 7.Be3 Nf6 8.O-O Ne5
9.h3 Bc5 10.Kh1 d6 11.f4 Ng6 12.Qe2 O-O 13.Rae1 e5 14.fxe5 dxe5 15.Nf3 Nf4
16.Qf2 Bxe3 17.Rxe3 Be6 18.Ng5 h6 19.Nxe6 fxe6 20.Rf3  1/2-1/2

[Event "Rubinstein mem"]
[Site "Polanica Zdroj"]
[Date "1996.??.??"]
[Round "8"]
[White "Oll, Lembit"]
[Black "Rublevsky, Sergei"]
[Result "1-0"]
[WhiteElo "2620"]
[BlackElo "2645"]

1.e4 c5 2.Nf3 e6 3.d4 cxd4 4.Nxd4 a6 5.Nc3 Qc7 6.Be2 Nf6 7.O-O d6 8.f4 Be7
9.a4 O-O 10.Kh1 b6 11.Bf3 Bb7 12.e5 dxe5 13.fxe5 Nfd7 14.Bxb7 Qxb7 15.Bf4 Bc5
16.Nf3 Nc6 17.Ne4 Be7 18.Qe2 Nc5 19.Nd6 Bxd6 20.exd6 Rad8 21.Bg3 Rfe8 22.c3 f5
23.Nd2 b5 24.axb5 Qxb5 25.Qc4 Ne4 26.Rxa6 Nxg3+ 27.hxg3 Qxb2 28.d7 Rxd7 29.Rxc6 Qxd2
30.Rxe6 Rxe6 31.Qxe6+ Rf7 32.Rxf5 Qd7 33.Qxf7+ Qxf7 34.Rxf7 Kxf7 35.Kg1  1-0

[Event "CRO-ch"]
[Site "Pula"]
[Date "1996.??.??"]
[Round "?"]
[White "Ascic, Pero"]
[Black "Ljubicic, Filip"]
[Result "0-1"]
[WhiteElo "2290"]
[BlackElo "2360"]

1.e4 c5 2.Nf3 e6 3.d4 cxd4 4.Nxd4 a6 5.Nc3 Qc7 6.Bd3 Nf6 7.Be3 Nc6 8.Nxc6 dxc6
9.f4 e5 10.f5 h5 11.Qf3 Ng4 12.Bg1 b5 13.Nd1 Bb7 14.Ne3 Qa5+ 15.Ke2 Nf6 16.Bf2 O-O-O
17.Be1 Qb6 18.a4 Rd4 19.Bc3 Bd6 20.axb5 axb5 21.g4 hxg4 22.Nxg4 Nh5 23.Bxd4 Qxd4
24.c3 Qb6 25.Nf2 Nf4+ 26.Kf1 Bc5 27.Rd1 Rh4 28.h3 b4 29.Ng4 f6 30.c4 b3 31.Rh2 Bd4
32.Qg3 Rh5 33.h4 Ba6 34.Nf2 Rh7 35.c5 Bxc5 36.Bxa6+ Qxa6+ 37.Nd3 Rh8 38.Rhd2 Bb4
39.Kg1 Bxd2 40.Rxd2  0-1

[Event "CRO-Cup"]
[Site "Pula"]
[Date "1996.??.??"]
[Round "?"]
[White "Kapic, Ibrahim"]
[Black "Sulava, Nenad"]
[Result "0-1"]
[WhiteElo "2240"]
[BlackElo "2480"]

1.e4 c5 2.Nf3 e6 3.d4 cxd4 4.Nxd4 a6 5.Nc3 Qc7 6.Be2 b5 7.O-O Bb7 8.Bf3 Nc6
9.Nxc6 dxc6 10.Bg5 h6 11.Bh4 Bd6 12.Bg3 Bxg3 13.hxg3 Nf6 14.Qd4 c5 15.Qe3 Qe5
16.Qf4 Nd7 17.Rfd1 g5 18.Qxe5 Nxe5 19.Bh5 Ke7 20.f3 Nc4 21.b3 Nb6 22.Kf2 b4
23.Ne2 a5 24.a3 Bc6 25.c3 bxa3 26.Rxa3 a4 27.Rb1 axb3 28.Rxa8 Rxa8 29.Rxb3 Nc4
30.Nc1 Rd8 31.Ke1 Rd2 32.Ra3 Rxg2 33.Ra7+ Kd6 34.Nd3 Rc2 35.Rxf7 Be8 36.e5+ Nxe5
37.Nxe5 Kxe5 38.f4+ gxf4 39.gxf4+ Kd6 40.Bg6 Rg2 41.Be4 Rg3 42.Kf2 Rxc3 43.Rf6 h5
44.Rh6 Bf7 45.Bf3 Ke7 46.Be4 c4 47.Ke2 Kf8 48.Rh8+ Kg7 49.Rc8 Bg6 50.Bxg6 Kxg6
51.Rd8 Kf5 52.Rf8+ Kg4 53.Rg8+ Kxf4 54.Rg6  0-1

[Event "CRO-ch"]
[Site "Pula"]
[Date "1996.??.??"]
[Round "?"]
[White "Fercec, Nenad"]
[Black "Doric, Nenad"]
[Result "1-0"]
[WhiteElo "2405"]
[BlackElo "2320"]

1.e4 c5 2.Nf3 e6 3.d4 cxd4 4.Nxd4 a6 5.Nc3 Qc7 6.Be2 b5 7.O-O Bb7 8.Re1 Nc6
9.Nxc6 dxc6 10.e5 Ne7 11.Bd3 Rd8 12.Qh5 c5 13.Bg5 Rd7 14.Be4 h6 15.Bxb7 Qxb7
16.Ne4 Ng6 17.Bf6 gxf6 18.Nxf6+ Kd8 19.Nxd7 Kxd7 20.g3 Rg8 21.Re3 Be7 22.Rae1 Nh4
23.Re4 Ng6 24.Qxh6 Rh8 25.Qe3 Ke8 26.h4 Rh5 27.Qe2 Rh8 28.h5 Nf8 29.Qg4 Nd7
30.f4 Kf8 31.Kh2 Qd5 32.f5 Rg8 33.Qh3 exf5 34.Qxf5 Qe6 35.Qxe6 fxe6 36.Kh3 Rg5
37.g4 Kg7 38.a4 Nb6 39.axb5 axb5 40.Ra1 Nd5 41.Ra5 b4 42.Ra7 Kf7 43.Kh4 Rg7+
44.g5 Kg8 45.Rg4 Kf7 46.Kg3 Ne3 47.h6 Nxg4 48.hxg7 Ne3 49.g6+ Kg8 50.Ra6 Kxg7
51.Rxe6 Bg5 52.c3 bxc3 53.bxc3 Nd5 54.Kg4 Bh6 55.Rd6 Nxc3 56.Kf5 Be3 57.e6  1-0